000 01623nam a2200385 c 4500
003 BLK
005 20240623004105.0
008 180409b bul|||||r ||||||| ||bul||
010 _aKNG00113001000
020 _a954-8107-08-2
_bиздат.: Фактум - на том(кн. 1)
040 _aBLK
041 _aBUL
_cBUL
080 _aБългарска литература
_b821.163.2
_x(092)
_z821.163.2(092)
080 _aБългарска литература
_b821.163.2
_x.09
_z821.163.2.09
080 _aБиографии
_b929
_x(497.2)
_z929(497.2)
100 1 _aКадиев, Марин Стоянов
_eпърви автор
_9370293
139 _aКадиев, Марин Стоянов
_bК 13
245 1 0 _aДуми...
_bЗа известни и неизвестни писатели и книги : Кн. 1 -
_cМарин Стоянов Кадиев.
_nКн. 1
257 _aBGR
260 София
_c2003 -
_fСофия : Виктрикс ООД
380 _a82
500 _aОфс. изд. - Съдържа и кратки биогр. данни за авт.
650 0 _aПисатели, български
_9241944
650 4 _aПоети, български
_9241945
653 _aбългарски писатели
653 _aбългарски поети
653 _aБългария
760 1 _3- на том(кн. 1)
_aКадиев, Марин Стоянов
_dФактум, 2003
_h156 с.
_tКн. 1
852 _aЦб 219477
856 4 _qpdf
_u
856 4 _qpdf
_u
942 _cKNG
_n0
944 _aCR
_c12.05.2004
_k
_lCRON CRON
944 _aED
_c02.06.2004
_k
999 _c107708
_d107708